[Event "Tourn. n8121"]
[Site "www.chess-mail.com"]
[Date "2015.03.06"]
[Round "1"]
[White "T9l9"]
[Black "Goga"]
[WhiteElo "1899"]
[BlackElo "1960"]
[Result "1-0"]
[Round "1"]
1.d4 Ng8f6
2.c4 g6
3.Nb1c3 d5
4.cxd5 Nf6xd5
5.e4 Nd5xc3
6.bxc3 Bf8g7
7.Ng1f3 c5
8.Bc1e3 cxd4
9.cxd4 Nb8c6
10.Ra1c1 Qd8a5
11.Qd1d2 Qa5xd2
12.Kxd2 O-O
13.Bf1d3 Rf8d8
14.d5 Nc6e5
15.Nf3xe5 Bg7xe5
16.f4 Be5g7
17.Be3c5 e5
18.Bc5e7 Rd8d7
19.d6 a6
20.g3 exf4
21.gxf4 Bg7b2
22.Rc1c2 Bb2a3
23.e5 Rd7xe7
24.dxe7 Ba3xe7
25.Bd3e4 Ra8b8
26.Be4d5 Bc8f5
27.Rc2c7 Rb8d8
28.Ke3 Rd8xd5
29.Rc7xe7 Rd5d3
30.Ke2 Rd3a3
31.Rh1c1 Ra3xa2
32.Ke1 b5
33.Rc1c7 Bf5e6
34.Re7e8 Kg7
35.Re8xe6 { resign }
1-0

[Event "Match"]
[Site "www.echecsemail.com"]
[Date "2015.03.06"]
[Round "1"]
[White "Carloswhizz"]
[Black "F14"]
[WhiteElo "1750"]
[BlackElo "1699"]
[Result "1-0"]
[Round "1"]
1.e4 e5
2.f4 exf4
3.Ng1f3 Nb8c6
4.d4 d6
5.h3 Ng8f6
6.Nb1c3 Bf8e7
7.Bc1xf4 O-O
8.Bf1c4 Nc6a5
9.Bc4d3 Na5c6
10.O-O Nc6b4
11.Bd3c4 c5
12.a3 Nb4c6
13.d5 Nc6a5
14.Bc4a2 b6
15.e5 dxe5
16.Nf3xe5 Be7d6
17.Ne5d3 Bc8a6
18.Qd1f3 c4
19.Nd3f2 Na5b7
20.Nf2g4 Nf6xg4
21.Qf3xg4 Kh8
22.Nc3e4 Bd6xf4
23.Rf1xf4 Qd8xd5
24.Ra1d1 Qd5e5
25.c3 Nb7c5
26.Rd1d4 Nc5xe4
27.Rd4xe4 Qe5c5
28.Re4d4 Ba6c8
29.Qg4h4 b5
30.Ba2b1 g6
31.Qh4f6 Kg8
32.Rf4h4 Bc8e6
33.Bb1xg6 fxg6
34.Qf6xe6 Kg7
35.Kh2 Ra8e8
36.Rd4d7 { resign }
1-0

[Event "Match"]
[Site "www.echecsemail.com"]
[Date "2015.03.06"]
[Round "1"]
[White "Redeagle"]
[Black "Peck"]
[WhiteElo "1499"]
[BlackElo "1479"]
[Result "0-1"]
[Round "1"]
1.g3 g5
2.b4 Bf8g7
3.Bf1g2 Nb8c6
4.Nb1c3 Nc6xb4
5.Bc1b2 d5
6.h3 Bc8f5
7.a3 Nb4xc2
8.Kf1 Nc2xa1
9.Qd1xa1 c5
10.Ng1f3 g4
11.hxg4 Bf5xg4
12.Nf3h2 Qd8b6
13.Nh2xg4 Ng8f6
14.Ng4h2 d4
15.Kg1 Nf6d7
16.Nh2g4 d3
17.exd3 f5
18.Kf1 fxg4
19.Rh1h5 Nd7f6
20.Rh5h4 h5
21.Ke2 Qb6e6
22.Kf1 Nf6d5
23.Nc3b5 O-O-O
 { time }
0-1

[Event "Match"]
[Site "www.echecsemail.com"]
[Date "2015.03.06"]
[Round "1"]
[White "Gimmyg"]
[Black "Joseph1983"]
[WhiteElo "2060"]
[BlackElo "2110"]
[Result "1-0"]
[Round "1"]
1.d4 Ng8f6
2.Ng1f3 g6
3.Bc1f4 Bf8g7
4.Nb1d2 d5
5.h3 O-O
6.e3 Nb8d7
7.Bf1e2 c5
8.c3 cxd4
9.cxd4 Nd7b6
10.Ra1c1 Bc8e6
11.O-O Ra8c8
12.Qd1b3 Nf6e4
13.Qb3b4 Ne4xd2
14.Nf3xd2 Qd8d7
15.Nd2b3 Nb6c4
16.Nb3c5 Rc8xc5
17.Qb4xc5 Nc4d2
18.Rf1d1 Nd2e4
19.Qc5xa7 Rf8c8
20.Rc1xc8 Qd7xc8
21.Qa7b8 { resign }
1-0

[Event "Match"]
[Site "www.echecsemail.com"]
[Date "2015.03.06"]
[Round "1"]
[White "Joseph1983"]
[Black "Chapi"]
[WhiteElo "2110"]
[BlackElo "2040"]
[Result "1-0"]
[Round "1"]
1.d4 d5
2.c4 c6
3.e3 g6
4.Ng1f3 Bf8g7
5.Nb1c3 Ng8f6
6.Bf1d3 O-O
7.O-O Bc8g4
8.h3 Bg4xf3
9.Qd1xf3 Nb8d7
10.cxd5 cxd5
11.Nc3xd5 e5
12.Nd5xf6 Nd7xf6
13.Rf1d1 exd4
14.exd4 Qd8d5
15.Qf3xd5 Nf6xd5
16.Bd3e4 Ra8d8
17.Be4xd5 Rd8xd5
18.Bc1e3 Rf8d8
19.Rd1d3 Bg7xd4
20.Ra1d1 Rd5a5
21.Be3xd4 Ra5xa2
22.Bd4f6 Rd8xd3
23.Rd1xd3 h5
24.Rd3d8 { resign }
1-0

[Event "Match"]
[Site "www.echecsemail.com"]
[Date "2015.03.06"]
[Round "1"]
[White "Gilliere"]
[Black "Pariolinius"]
[WhiteElo "1850"]
[BlackElo "1810"]
[Result "1-0"]
[Round "1"]
1.e4 e5
2.Ng1f3 Ng8f6
3.d4 Nf6xe4
4.dxe5 d5
5.exd6 Bf8xd6
6.Bf1d3 Ne4f6
7.O-O O-O
8.Bc1g5 Nb8c6
9.Nb1d2 Bd6e7
10.Rf1e1 Bc8e6
11.Bg5xf6 Be7xf6
12.Qd1c1 Qd8d7
13.a3 Ra8d8
14.Bd3b5 a6
15.Bb5xc6 Qd7xc6
16.c3 Qc6d7
17.h3 Be6d5
18.Re1d1 Qd7c8
19.c4 Bd5c6
20.Ra1b1 Rf8e8
21.b4 b6
22.c5 b5
23.Rd1e1 Qc8b7
24.Re1xe8 Rd8xe8
25.Qc1f1 Bc6d5
26.Rb1e1 Re8xe1
27.Qf1xe1 Qb7c8
28.Qe1e3 c6
29.Qe3e1 Kf8
30.Qe1c1 Qc8e6
31.Qc1e1 Qe6xe1
32.Nf3xe1 Bf6c3
33.Nd2f3 Bc3b2
34.Ne1c2 Ke7
35.Nf3d4 g6
36.f3 Kf6
37.Kh2 Ke5
38.Nd4e2 Bd5c4
39.f4 Ke4
40.Ne2g3 Kd3
41.Nc2e1 Kd2
42.Ne1f3 Kc3
43.Ng3e4 Kd3
44.Ne4d6 Bb2xa3
45.Nf3e5 Kd4
46.Nd6xc4 bxc4
47.Ne5xc6 Kd5
48.Nc6e7 Ke6
49.Ne7c8 { resign }
1-0

[Event "Match"]
[Site "www.echecsemail.com"]
[Date "2015.03.06"]
[Round "1"]
[White "Mourinho01"]
[Black "Vattila2010"]
[WhiteElo "1999"]
[BlackElo "1830"]
[Result "1-0"]
[Round "1"]
1.e4 g6
2.d4 c6
3.Nb1c3 e6
4.Ng1f3 f6
5.Bc1e3 d6
6.Bf1d3 a6
7.e5 d5
8.g3 b5
9.Nf3h4 f5
10.b3 g5
11.Qd1h5 Kd7
12.Nh4g6 Qd8e8
13.Ng6xf8 Qe8xf8
14.Be3xg5 h6
15.O-O-O Qf8e8
16.Qh5h3 Qe8g6
17.Qh3h4 Qg6xg5
18.f4 Qg5xh4
19.gxh4 Ng8e7
20.Nc3e2 Kc7
21.Rh1g1 a5
22.Rg1g7 Kd8
23.Rd1g1 Bc8d7
24.Rg7f7 Bd7e8
25.Rf7g7 Ra8a7
26.Ne2c3 a4
27.bxa4 b4
28.Nc3e2 Ra7xa4
29.Kb2 Ra4a7
30.c4 Ra7b7
31.c5 h5
32.Rg1g5 Rb7c7
33.Ne2g3 Rh8h6
34.Bd3e2 Rh6g6
35.Ng3xh5 Rg6xg5
36.hxg5 Be8xh5
37.Be2xh5 Rc7d7
38.Bh5f7 Ne7c8
39.Rg7g8 Ke7
40.Rg8xc8 Kxf7
41.Rc8xb8 Rd7c7
42.Rb8h8 Kg7
43.Rh8h6 Rc7a7
44.Rh6xe6 Ra7a3
45.Re6f6 Ra3g3
46.Rf6xf5 Rg3g2
47.Kb3 Rg2xh2
48.e6 Rh2e2
49.Rf5e5 Re2f2
50.e7 Rf2xf4
51.e8Q Rf4xd4
52.Re5e7 
1-0

[Event "Eq:BEAC Hungary-La Taverne : "]
[Site "www.chess-mail.com"]
[Date "2015.03.06"]
[Round "1"]
[White "Jasmartin"]
[Black "Picifarkinca"]
[WhiteElo "1730"]
[BlackElo "2080"]
[Result "0-1"]
[Round "1"]
1.d4 Ng8f6
2.c4 e6
3.Nb1c3 Bf8b4
4.Bc1d2 O-O
5.g3 d5
6.Bf1g2 c5
7.Ng1f3 Nb8c6
8.O-O cxd4
9.Nc3b5 Bb4c5
10.Bd2f4 a6
11.Nb5xd4 Nc6xd4
12.Nf3xd4 dxc4
13.Bf4e5 Qd8b6
14.Be5xf6 gxf6
15.e3 e5
16.Nd4f3 Bc8g4
17.Qd1c2 Bg4e6
18.Nf3d2 Ra8c8
19.Bg2e4 h6
20.Nd2f3 c3
21.b3 Bc5a3
22.Nf3h4 Rf8d8
23.Nh4f5 Rd8d2
24.Qc2b1 Kf8
25.Rf1d1 c2
26.Be4xc2 Rd2xc2
27.Rd1d6 Ba3xd6
{ resign }
0-1

[Event "Fast Game"]
[Site "www.echecsemail.com"]
[Date "2015.03.06"]
[Round "1"]
[White "Fabos12"]
[Black "Chtoubidou"]
[WhiteElo "1509"]
[BlackElo "1670"]
[Result "1-0"]
[Round "1"]
1.e4 b6
2.Nb1c3 Bc8b7
3.Ng1f3 e6
4.d4 d5
5.e5 c5
6.dxc5 Bf8xc5
7.Bf1b5 Nb8d7
8.O-O Ng8e7
9.Nc3a4 O-O
10.Qd1e1 a6
11.Bb5xd7 Qd8xd7
12.Na4xc5 bxc5
13.Bc1g5 f6
14.exf6 gxf6
15.Bg5h6 Rf8f7
16.Qe1d2 Ne7f5
17.Bh6f4 e5
18.Bf4g3 e4
19.Nf3e1 Ra8e8
20.Bg3f4 d4
21.c3 d3
22.g3 Qd7d5
23.f3 e3
24.Qd2xd3 Qd5xd3
25.Ne1xd3 e2
26.Rf1e1 Bb7xf3
27.Nd3xc5 Re8c8
28.Nc5e6 Rc8c6
29.Ne6d8 { resign }
1-0

[Event "Fast Game"]
[Site "www.echecsemail.com"]
[Date "2015.03.06"]
[Round "1"]
[White "Attatroll"]
[Black "F14"]
[WhiteElo "1790"]
[BlackElo "1599"]
[Result "1-0"]
[Round "1"]
1.e4 c5
2.Ng1f3 d6
3.Bf1b5 Nb8d7
4.e5 e6
5.exd6 Bf8xd6
6.O-O Ng8f6
7.d3 O-O
8.Bc1g5 Qd8b6
9.Nb1c3 a6
10.Bb5xd7 Nf6xd7
11.Ra1b1 Nd7e5
12.Nf3xe5 Bd6xe5
13.Nc3e4 f5
14.Ne4g3 Be5f6
15.Bg5xf6 Rf8xf6
16.Ng3h5 Rf6f8
17.Nh5f4 e5
18.Nf4d5 Qb6d8
19.Nd5c3 b5
20.Qd1f3 Ra8b8
21.Rf1e1 Bc8b7
22.Qf3h5 Qd8f6
23.a3 b4
24.axb4 cxb4
25.Nc3a4 Qf6c6
26.Qh5h3 Qc6xa4
27.Re1xe5 Qa4xc2
28.Re5e1 Rb8e8
29.Rb1c1 Qc2xb2
30.Rc1d1 Re8xe1
31.Rd1xe1 a5
32.Qh3e3 Qb2c3
33.Qe3e6 Kh8
34.Qe6e7 Rf8g8
35.h3 Qc3c6
36.f3 h6
37.Re1e6 Qc6c1
38.Kh2 Qc1f4
39.Kg1 Bb7d5
40.Re6g6 Qf4d4
41.Kh1 b3
42.Qe7d6 b2
43.Rg6xh6 gxh6
44.Qd6xh6 
1-0

[Event "Tourn. n8084"]
[Site "www.chess-mail.com"]
[Date "2015.03.07"]
[Round "1"]
[White "Amaya"]
[Black "Generalfree"]
[WhiteElo "1900"]
[BlackElo "1820"]
[Result "1-0"]
[Round "1"]
1.d4 Ng8f6
2.e3 d5
3.Bf1d3 e6
4.Nb1d2 a6
5.f4 g6
6.Ng1f3 Nb8c6
7.c3 b5
8.O-O Bf8d6
9.Nf3e5 Bd6xe5
10.fxe5 Nf6g4
11.Qd1xg4 h5
12.Qg4g3 h4
13.Qg3f4 g5
14.Qf4xf7 
1-0

[Event "Tourn. n8073"]
[Site "www.chess-mail.com"]
[Date "2015.03.07"]
[Round "1"]
[White "Algebra"]
[Black "Sunderland"]
[WhiteElo "1529"]
[BlackElo "1540"]
[Result "0-1"]
[Round "1"]
1.e4 d6
2.d4 g6
3.Nb1c3 Bf8g7
4.f4 Ng8f6
5.Ng1f3 O-O
6.Bc1e3 Nf6g4
7.Be3g1 c6
8.h3 Ng4f6
9.Qd1d2 Qd8c7
10.O-O-O b5
11.Bf1d3 a6
12.Kb1 Bc8b7
13.e5 Nf6d7
{ resign }
0-1

[Event "Tourn. n8118"]
[Site "www.chess-mail.com"]
[Date "2015.03.07"]
[Round "1"]
[White "Vinvangogh"]
[Black "Zazi"]
[WhiteElo "1540"]
[BlackElo "1540"]
[Result "0-1"]
[Round "1"]
1.e4 e5
2.Nb1c3 Qd8f6
3.b3 c6
4.Ng1f3 d5
5.exd5 cxd5
6.Nc3xd5 Qf6d6
7.Bf1c4 Bc8e6
8.Bc4b5 Nb8c6
9.c4 Be6xd5
10.d4 Bd5xf3
11.Qd1xf3 O-O-O
12.O-O exd4
13.Bc1f4 Qd6f6
14.Qf3g4 Rd8d7
15.Ra1e1 Bf8e7
16.c5 Ng8h6
17.Qg4f3 Be7xc5
18.Qf3h3 a6
19.g3 axb5
20.a4 bxa4
21.g4 Qf6xf4
22.g5 Nh6g4
23.bxa4 Nc6b4
24.f3 d3
25.Kh1 Ng4f2
26.Rf1xf2 Bc5xf2
27.Re1d1 d2
28.Kg2 Nb4d3
29.Qh3g4 Qf4e3
30.Qg4c4 Kb8
31.Qc4e4 Qe3xe4
32.fxe4 Bf2e1
33.a5 Rh8e8
34.Rd1b1 Re8xe4
35.a6 Nd3f4
36.Kf3 Rd7d4
37.h4 f6
38.Kg4 Nf4d3
39.Kh5 Re4xh4

0-1

[Event "Tourn. n8087"]
[Site "www.chess-mail.com"]
[Date "2015.03.07"]
[Round "1"]
[White "Maxlou"]
[Black "Fabos12"]
[WhiteElo "1860"]
[BlackElo "1910"]
[Result "0-1"]
[Round "1"]
1.d4 g6
2.c4 Bf8g7
3.Bc1f4 d6
4.Ng1f3 Nb8c6
5.Nb1c3 Bc8g4
6.d5 Nc6b4
7.Qd1a4 c6
8.Qa4xb4 Qd8c7
9.h3 Bg4xf3
 { time }
0-1

[Event "Tourn. n8018"]
[Site "www.chess-mail.com"]
[Date "2015.03.07"]
[Round "1"]
[White "Georgepapi"]
[Black "Falcoale"]
[WhiteElo "1860"]
[BlackElo "1850"]
[Result "1-0"]
[Round "1"]
1.e4 c5
2.Ng1f3 Nb8c6
3.d4 cxd4
4.Nf3xd4 a6
5.Nb1c3 e6
6.Bc1e3 Bf8b4
7.a3 Bb4xc3
8.bxc3 h6
9.Bf1d3 Nc6e5
10.O-O b5
11.Nd4f3 Ne5c4
12.Bd3xc4 bxc4
13.Qd1d4 Ng8f6
14.Qd4xc4 Bc8b7
15.e5 Nf6d5
16.Be3c5 Ra8c8
17.Qc4d4 Nd5c7
18.Qd4g4 Rh8g8
19.Ra1b1 Bb7d5
20.c4 Bd5xc4
21.Qg4xc4 Nc7b5
22.Qc4b4 Qd8c7
23.Bc5d6 Nb5xd6
24.Qb4xd6 Qc7xc2
25.Qd6xa6 Qc2c6
26.Qa6xc6 dxc6
27.Nf3d4 g6
28.Nd4xc6 Kf8
29.Rf1c1 Rc8a8
30.Rb1a1 Kg7
31.a4 Ra8a6
32.a5 Rg8a8
33.Rc1c5 g5
34.Nc6b4 Ra6a7
35.a6 { resign }
1-0

[Event "Tourn. n8079"]
[Site "www.chess-mail.com"]
[Date "2015.03.07"]
[Round "1"]
[White "Sorren"]
[Black "Generalfree"]
[WhiteElo "1840"]
[BlackElo "1780"]
[Result "0-1"]
[Round "1"]
1.e4 e5
2.Ng1f3 Nb8c6
3.Bf1b5 Ng8e7
4.O-O a6
5.Bb5a4 d6
6.d4 b5
7.Ba4b3 exd4
8.Nf3xd4 Nc6xd4
9.Qd1xd4 c5
10.Qd4d3 c4
11.Bb3xc4 bxc4
12.Qd3xc4 Bc8e6
13.Qc4a4 Be6d7
14.Qa4c4 Bd7b5
{ resign }
0-1

[Event "Tourn. n8018"]
[Site "www.chess-mail.com"]
[Date "2015.03.07"]
[Round "1"]
[White "Dany2005"]
[Black "Generalfree"]
[WhiteElo "1679"]
[BlackElo "1890"]
[Result "1-0"]
[Round "1"]
1.d4 d5
2.c4 dxc4
3.Ng1f3 b5
4.e3 f6
5.a4 c6
6.axb5 cxb5
7.b3 Bc8e6
8.bxc4 bxc4
9.Bf1xc4 Be6xc4
10.Qd1a4 Qd8d7
11.Qa4xc4 e6
12.O-O Bf8d6
13.Bc1a3 Bd6xa3
14.Ra1xa3 Ng8e7
15.Nb1d2 Qd7d6
16.Rf1c1 Nb8c6
17.Nd2e4 Qd6xa3
18.Rc1d1 Nc6d8
19.Qc4b5 Ne7c6
20.Ne4c5 Ra8b8
21.Qb5c4 Rb8b4
22.Qc4c2 Rb4b2
23.Qc2c4 O-O
24.Nc5xe6 Rb2b4
25.Qc4d5 Rf8e8
26.Ne6xd8 Kh8
27.Nd8f7 { resign }
1-0

[Event "Tourn. n8073"]
[Site "www.chess-mail.com"]
[Date "2015.03.07"]
[Round "1"]
[White "Algebra"]
[Black "Nimzo2"]
[WhiteElo "1529"]
[BlackElo "1659"]
[Result "0-1"]
[Round "1"]
1.e4 e5
2.Ng1f3 Qd8e7
3.Bf1c4 b6
4.Nb1c3 c6
5.O-O Bc8a6
6.Bc4xa6 Nb8xa6
7.d3 O-O-O
8.Bc1e3 d5
9.exd5 cxd5
10.Be3d2 f6
11.Qd1e2 Na6c7
12.a4 Qe7d7
13.d4 e4
14.Nf3e1 Bf8d6
15.Nc3b5 Nc7xb5
16.axb5 Ng8e7
17.b3 Kb8
18.c4 f5
19.Ne1c2 Qd7e6
20.Nc2b4 Bd6xb4
21.Bd2xb4 dxc4
22.bxc4 Ne7c8
23.d5 Qe6e5
24.Ra1a4 Rh8e8
25.g3 f4
26.gxf4 Qe5xf4
27.Bb4d2 Qf4f3
28.Qe2xf3 exf3
29.Bd2f4 Kb7
30.Bf4g3 Re8e4
31.Rf1d1 g5
32.h3 h5
{ resign }
0-1

[Event "Tourn. n8079"]
[Site "www.chess-mail.com"]
[Date "2015.03.07"]
[Round "1"]
[White "Derfel83"]
[Black "Sorren"]
[WhiteElo "1800"]
[BlackElo "1840"]
[Result "1/2-1/2"]
[Round "1"]
1.e4 e5
2.Ng1f3 Nb8c6
3.Bf1c4 Bf8c5
4.c3 Ng8f6
5.Bc4d5 d6
6.Qd1a4 Bc8d7
7.Qa4c4 O-O
8.O-O Nc6a5
9.Qc4e2 Na5c6
10.b4 Bc5b6
11.a4 a6
12.d3 Nf6xd5
13.exd5 Nc6e7
14.h3 Ne7xd5
15.d4 exd4
16.Nf3xd4 Rf8e8
17.Qe2d3 Qd8f6
18.Bc1b2 Qf6g5
19.Nd4f3 Qg5h5
20.Nb1d2 Nd5f6
21.Nf3h2 Bd7c6
22.Qd3g3 Re8e2
23.c4 Qh5g6
24.Qg3xg6 fxg6
25.Bb2c3 Ra8e8
26.Nd2f3 Bc6xf3
27.Nh2xf3 Re2c2
28.Ra1c1 Re8e2
29.Bc3d4 Bb6xd4
30.Nf3xd4 Rc2xc1
31.Rf1xc1 Re2a2
32.a5 Nf6e4
33.f3 Ne4d2
34.Nd4e6 Ra2a4
{ draw }
1/2-1/2

[Event "Tourn. n7998"]
[Site "www.chess-mail.com"]
[Date "2015.03.07"]
[Round "1"]
[White "Generalfree"]
[Black "Falcoale"]
[WhiteElo "1850"]
[BlackElo "1840"]
[Result "1/2-1/2"]
[Round "1"]
1.e4 c5
2.c4 Nb8c6
3.a3 e5
4.Nb1c3 a6
5.g3 Ng8f6
6.d3 b6
7.Bf1g2 Bc8b7
8.f3 Ra8b8
9.Ng1e2 Bf8e7
10.Bc1e3 d6
11.h4 Nc6d4
12.Be3xd4 cxd4
13.Nc3a2 b5
14.cxb5 axb5
15.b4 O-O
16.g4 d5
17.exd5 Bb7xd5
18.h5 Qd8b6
{ draw }
1/2-1/2

[Event "Tourn. n8107"]
[Site "www.chess-mail.com"]
[Date "2015.03.07"]
[Round "1"]
[White "Louis"]
[Black "4knights"]
[WhiteElo "1830"]
[BlackElo "1690"]
[Result "0-1"]
[Round "1"]
1.Ng1f3 Ng8f6
2.d4 d5
3.c4 e6
4.Nb1c3 Bf8b4
5.cxd5 Nf6xd5
6.Bc1g5 f6
7.Bg5h4 Nd5xc3
{ resign }
0-1

[Event "Tourn. n8010"]
[Site "www.chess-mail.com"]
[Date "2015.03.07"]
[Round "1"]
[White "Passaroa25"]
[Black "Theos666"]
[WhiteElo "1430"]
[BlackElo "1400"]
[Result "1-0"]
[Round "1"]
1.e4 c5
2.d3 f6
3.Nb1d2 e5
4.Ng1e2 Nb8c6
5.c3 g6
6.Ne2g3 Bf8g7
7.Nd2b3 Ng8e7
8.Nb3xc5 b6
9.Nc5b3 O-O
10.Bf1e2 d5
11.Be2f3 dxe4
12.Ng3xe4 f5
13.Ne4g5 h6
14.Bf3xc6 Qd8d6
15.Bc6xa8 h5
16.Ba8f3 Bg7h6
17.O-O Bc8a6
18.c4 Kg7
19.Kh1 Ba6c8
20.Qd1c2 Qd6f6
21.Qc2d2 Bh6xg5
22.Qd2xg5 Qf6xg5
23.Bc1xg5 Rf8e8
24.Ra1d1 Ne7c6
25.Bf3xc6 { resign }
1-0

[Event "Tourn. n8100"]
[Site "www.chess-mail.com"]
[Date "2015.03.07"]
[Round "1"]
[White "Liencam2"]
[Black "Cristero"]
[WhiteElo "2290"]
[BlackElo "2160"]
[Result "1-0"]
[Round "1"]
1.e4 c5
2.Nb1c3 d6
3.Ng1f3 Ng8f6
4.d4 cxd4
5.Nf3xd4 e6
6.g4 Nb8c6
7.g5 Nf6d7
8.Bc1e3 Bf8e7
9.Rh1g1 Nd7b6
10.Qd1h5 g6
11.Qh5h6 Be7f8
12.Qh6h4 Bf8g7
13.O-O-O Nc6e5
14.f4 Ne5c4
15.Qh4f2 Nc4xe3
16.Qf2xe3 O-O
17.e5 d5
18.Bf1e2 Bc8d7
19.h4 Nb6a4
20.h5 Na4xc3
21.Qe3xc3 Ra8c8
22.Qc3d2 a6
23.hxg6 hxg6
24.Be2d3 Bd7a4
25.Qd2h2 Qd8b6
26.f5 Qb6xd4
27.f6 Rc8c6
28.Rg1h1 { resign }
1-0

[Event "Match"]
[Site "www.echecsemail.com"]
[Date "2015.03.07"]
[Round "1"]
[White "Chtoubidou"]
[Black "Pariolinius"]
[WhiteElo "1880"]
[BlackElo "1840"]
[Result "1-0"]
[Round "1"]
1.d4 d5
2.c4 e6
3.Nb1c3 Ng8f6
4.Bc1g5 Bf8e7
5.e3 O-O
6.Ng1f3 Nb8d7
7.Bf1d3 a6
8.O-O dxc4
9.Bd3xc4 Nd7b6
10.Bc4e2 Bc8d7
11.Ra1c1 Nb6d5
12.Nc3xd5 Nf6xd5
13.Bg5xe7 Qd8xe7
14.a3 Bd7c6
15.Nf3e5 Bc6e8
16.Be2f3 Be8b5
17.Rf1e1 Ra8d8
18.a4 Bb5e8
19.Qd1b3 b6
20.Ne5c6 Be8xc6
21.Rc1xc6 { resign }
1-0

[Event "Match"]
[Site "www.echecsemail.com"]
[Date "2015.03.07"]
[Round "1"]
[White "F14"]
[Black "Llord"]
[WhiteElo "1860"]
[BlackElo "1770"]
[Result "1-0"]
[Round "1"]
1.e4 e5
2.Ng1f3 Nb8c6
3.Bf1b5 Qd8f6
4.d3 a6
5.Bb5a4 b5
6.Ba4b3 Bf8c5
7.O-O Ng8e7
8.Bc1g5 Qf6g6
9.Nb1c3 O-O
10.Bg5xe7 Bc5xe7
11.Nc3d5 Be7d6
12.Nf3h4 Qg6h6
13.Nh4f5 Qh6e6
14.Nd5e7 { resign }
1-0

[Event "Match"]
[Site "www.echecsemail.com"]
[Date "2015.03.07"]
[Round "1"]
[White "Nugun"]
[Black "Mrmoto"]
[WhiteElo "1569"]
[BlackElo "1580"]
[Result "0-1"]
[Round "1"]
1.c4 c5
2.Nb1c3 Nb8c6
3.Ng1f3 e5
4.g3 d6
5.Bf1g2 Bc8f5
6.O-O h6
7.e3 Qd8d7
8.d4 Bf5h3
9.Nc3d5 Bh3xg2
10.Kxg2 e4
11.Nf3d2 O-O-O
12.Nd2xe4 Qd7f5
13.f3 Qf5h7
14.dxc5 dxc5
15.Qd1a4 f5
16.Ne4c3 Ng8e7
17.Nd5b6 Kb8
18.Nb6d5 a6
19.e4 Ne7xd5
20.exd5 Nc6d4
21.Bc1f4 Bf8d6
22.Bf4e3 Bd6e5
23.f4 Be5d6
24.b4 g5
25.Ra1d1 gxf4
26.Be3xd4 f3
27.Rf1xf3 cxd4
28.Rd1xd4 Bd6e5
29.Rd4d3 Rh8g8
30.b5 f4
31.bxa6 fxg3
32.hxg3 Rd8d6
33.a7 Ka8
34.c5 Rd6a6
35.Qa4b4 Kxa7
36.Nc3b5 Kb8
37.c6 Ra6xa2
38.Rf3f2 Ra2xf2
39.Kxf2 Qh7xd3
40.Nb5d6 Qd3xg3
41.Ke2 Qg3h2
42.Kd3 Rg8g3
43.Kc4 Qh2h4
44.Kc5 Qh4xb4
45.Kxb4 Be5xd6
46.Kb5 bxc6
47.Kxc6 Bd6f4
48.Kc5 Kc8
49.d6 Kd7
{ resign }
0-1

[Event "Match"]
[Site "www.echecsemail.com"]
[Date "2015.03.07"]
[Round "1"]
[White "Juodivarnai"]
[Black "Wwgia"]
[WhiteElo "2150"]
[BlackElo "2130"]
[Result "1-0"]
[Round "1"]
1.e4 c5
2.Ng1f3 Nb8c6
3.Bf1b5 g6
4.O-O Bf8g7
5.Rf1e1 Ng8f6
6.e5 Nf6d5
7.Nb1c3 Nd5c7
8.Bb5xc6 dxc6
9.Nc3e4 b6
10.Ne4f6 exf6
11.exf6 Kf8
12.fxg7 Kxg7
13.d4 c4
14.c3 Bc8g4
15.h3 Bg4f5
16.Bc1f4 Nc7d5
17.Bf4g3 Rh8e8
18.Qd1d2 b5
19.Nf3e5 Ra8c8
20.Re1e2 f6
21.Ne5f3 Re8xe2
22.Qd2xe2 Qd8e8
23.Ra1e1 Qe8xe2
24.Re1xe2 a5
25.a3 Kf7
26.Nf3d2 Bf5d3
27.Re2e1 c5
28.dxc5 Rc8xc5
29.Nd2e4 Rc5c8
30.Ne4d6 { resign }
1-0

[Event "Match"]
[Site "www.echecsemail.com"]
[Date "2015.03.07"]
[Round "1"]
[White "Difficult"]
[Black "Baachio"]
[WhiteElo "1880"]
[BlackElo "1940"]
[Result "1/2-1/2"]
[Round "1"]
1.c4 e6
2.Nb1c3 d5
3.cxd5 exd5
4.d4 Ng8f6
5.Bc1g5 Bf8e7
6.e3 O-O
7.Ng1f3 Nb8d7
8.Bf1d3 Rf8e8
9.O-O c6
10.Rf1e1 Nd7f8
11.Nf3e5 Nf6d7
12.Bg5xe7 Re8xe7
13.Ne5xd7 Bc8xd7
14.Nc3e2 Nf8g6
15.Bd3xg6 fxg6
16.Ne2g3 Qd8f8
17.a3 a6
18.Ra1c1 Ra8c8
19.b4 b5
20.Qd1d2 Qf8f6
21.Qd2d3 Bd7f5
22.Ng3xf5 gxf5
23.Re1d1 g6
24.g3 Qf6d6
25.Rc1c5 Re7c7
26.Rd1c1 Kg7
27.Qd3c2 Kf7
28.Qc2c3 { draw }
1/2-1/2

[Event "Match"]
[Site "www.echecsemail.com"]
[Date "2015.03.07"]
[Round "1"]
[White "Generalfree"]
[Black "Bigrezi"]
[WhiteElo "1830"]
[BlackElo "1800"]
[Result "1/2-1/2"]
[Round "1"]
1.e4 d6
2.d4 Ng8f6
3.f3 g6
4.Bf1d3 Bf8g7
5.Bc1e3 Nb8d7
6.c4 c5
7.e5 dxe5
8.dxc5 Qd8a5
9.Qd1d2 Qa5xd2
10.Nb1xd2 O-O
11.Ng1e2 Rf8d8
12.b4 e6
13.a4 b6
14.c6 Nd7b8
15.c7 Rd8xd3
16.cxb8Q Ra8xb8
17.Be3g5 Bc8b7
18.h4 Rb8d8
19.O-O-O Rd8d7
20.g4 h6
21.Bg5xh6 e4
22.Bh6xg7 { draw }
1/2-1/2

[Event "Match"]
[Site "www.echecsemail.com"]
[Date "2015.03.07"]
[Round "1"]
[White "Bbking"]
[Black "Nugun"]
[WhiteElo "1590"]
[BlackElo "1580"]
[Result "0-1"]
[Round "1"]
1.e4 e5
2.Ng1f3 Nb8c6
3.Bf1b5 Ng8f6
4.Bb5xc6 dxc6
5.Nb1c3 Bf8c5
6.d3 Qd8e7
7.Bc1g5 h6
8.Bg5xf6 Qe7xf6
9.O-O Qf6g6
10.a3 Bc8h3
11.Nf3h4 Qg6g5
12.b4 Bc5d4
13.Qd1d2 Qg5xd2
{ resign }
0-1

[Event "Match"]
[Site "www.echecsemail.com"]
[Date "2015.03.07"]
[Round "1"]
[White "Jaguar91"]
[Black "Xkafi"]
[WhiteElo "2050"]
[BlackElo "1990"]
[Result "1-0"]
[Round "1"]
1.e4 e5
2.f4 Nb8c6
3.Ng1f3 Bf8c5
4.Bf1c4 d6
5.h3 Nc6d4
6.Nb1c3 Nd4xf3
7.Qd1xf3 Qd8h4
8.g3 Qh4f6
9.Nc3d5 Qf6d8
10.fxe5 dxe5
11.Nd5b6 Bc8e6
12.Bc4xe6 fxe6
13.Nb6xa8 Ng8f6
14.d3 O-O
15.Bc1g5 Qd8xa8
16.Qf3e2 a5
17.O-O-O Qa8a6
18.Rd1f1 Bc5e7
19.h4 h6
20.Bg5xf6 Rf8xf6
21.Qe2h5 Rf6xf1
22.Rh1xf1 Be7f6
23.g4 Qa6d6
24.g5 hxg5
25.hxg5 Bf6e7
26.Qh5f7 { resign }
1-0

[Event "Match"]
[Site "www.echecsemail.com"]
[Date "2015.03.07"]
[Round "1"]
[White "Hyeena"]
[Black "Kollipaa"]
[WhiteElo "1369"]
[BlackElo "1970"]
[Result "0-1"]
[Round "1"]
1.g4 c6
2.Ng1h3 d5
3.Bf1g2 e5
4.e4 Bc8e6
5.Nh3g5 Qd8xg5
6.c3 Qg5e7
7.h4 Ng8h6
8.f3 Nb8a6
9.Bg2f1 dxe4
10.g5 Nh6f5
11.Rh1g1 exf3
12.d4 e4
13.Kf2 Qe7c7
14.Rg1g4 Qc7h2
15.Bf1g2 fxg2
16.Rg4xg2 Qh2d6
17.Nb1d2 e3
18.Ke2 exd2
19.Bc1xd2 Qd6e7
20.a4 O-O-O
21.Kd3 c5
22.Bd2f4 Qe7d7
23.Kc2 Bf8d6
24.Bf4xd6 Qd7xd6
25.Qd1h5 Qd6d5
26.Qh5g4 Nf5e3
27.Kd2 Qd5xg2
28.Qg4e2 Qg2xe2
29.Kc1 Qe2c2
{ resign }
0-1

[Event "Match"]
[Site "www.echecsemail.com"]
[Date "2015.03.07"]
[Round "1"]
[White "Drdoom"]
[Black "Generalfree"]
[WhiteElo "1740"]
[BlackElo "1750"]
[Result "1/2-1/2"]
[Round "1"]
1.e4 e5
2.c4 Bf8c5
3.a3 Ng8f6
4.Nb1c3 d6
5.h3 Nb8c6
6.Ng1f3 h6
7.b4 Bc5b6
8.d3 Nc6d4
9.Nc3a4 Nd4xf3
10.Qd1xf3 a5
11.b5 Bb6d4
12.Ra1b1 b6
13.Bc1e3 Bd4xe3
14.Qf3xe3 O-O
15.Bf1e2 Bc8b7
16.Be2f3 h5
17.Na4c3 g6
18.Qe3g5 Nf6h7
{ draw }
1/2-1/2

[Event "Match"]
[Site "www.echecsemail.com"]
[Date "2015.03.07"]
[Round "1"]
[White "F14"]
[Black "Darknight"]
[WhiteElo "1599"]
[BlackElo "1730"]
[Result "0-1"]
[Round "1"]
1.e4 e5
2.Ng1f3 d6
3.d4 exd4
4.Nf3xd4 d5
5.Nb1c3 Bf8b4
6.Bc1d2 c6
7.exd5 Bb4c5
8.Bd2e3 cxd5
9.Bf1b5 Bc8d7
10.Qd1e2 Ng8e7
11.O-O h6
12.Qe2g4 Kf8
13.Bb5xd7 Nb8xd7
14.Qg4f4 Bc5xd4
15.Be3xd4 f6
16.Qf4d6 a6
17.Ra1d1 Nd7b6
18.Qd6xb6 Qd8d7
19.Rf1e1 Kf7
20.Bd4c5 Ne7c6
21.Rd1xd5 Qd7c8
22.Re1d1 Kg6
23.Bc5d6 Rh8d8
24.Qb6e3 Kh7
25.Qe3e4 Kh8
26.Qe4g6 Qc8e6
27.Bd6f4 Rd8xd5
28.Nc3xd5 Ra8d8
29.Bf4xh6 Rd8d7
30.Bh6xg7 Rd7xg7
31.Qg6h6 Kg8
32.Nd5xf6 Kf7
33.Rd1d7 Nc6e7
34.Qh6h5 Kxf6
35.Qh5h4 Kg6
36.Qh4g3 Kf7
37.Qg3f3 Ke8
38.Rd7d1 Qe6b6
39.b3 Rg7f7
40.Qf3g3 Rf7f6
41.Rd1e1 Rf6d6
42.Qg3g7 Rd6e6
43.Qg7h8 Kd7
44.Re1d1 Re6d6
45.Qh8h3 Kc7
46.Rd1e1 Kb8
47.Qh3g3 Ka8
48.h3 Ne7f5
49.Qg3g8 Rd6d8
50.Qg8g5 Rd8f8
51.Qg5f4 Qb6h6
52.Qf4b4 Rf8g8
53.Kf1 Qh6g6
54.g3 Qg6c6
55.Qb4e4 Qc6f6
56.Kg2 Rg8f8
57.c4 Nf5h4
58.gxh4 Qf6xf2
59.Kh1 Rf8f3
60.Qe4xf3 Qf2xf3
61.Kg1 Qf3xh3
62.Re1d1 Qh3g4
{ resign }
0-1

[Event "Match"]
[Site "www.echecsemail.com"]
[Date "2015.03.07"]
[Round "1"]
[White "Generalfree"]
[Black "Nestor"]
[WhiteElo "1760"]
[BlackElo "2080"]
[Result "0-1"]
[Round "1"]
1.e4 Ng8f6
2.Nb1c3 e5
3.a3 Bf8c5
4.Bf1c4 O-O
5.d3 d6
6.Bc1g5 Bc8e6
7.Bc4xe6 fxe6
8.Ng1f3 Nb8d7
9.Qd1d2 Qd8e8
10.O-O Qe8h5
11.Nc3e2 Nf6g4
12.Ne2g3 Qh5g6
13.b4 Bc5b6
14.h4 h6
15.h5 Qg6e8
16.Bg5h4 Nd7f6
17.Bh4xf6 Rf8xf6
18.c4 Rf6f4
19.a4 Ng4f6
20.a5 Rf4xf3
21.gxf3 Bb6d4
22.Ra1a2 Nf6xh5
23.Ng3e2 Qe8e7
24.Ne2xd4 Nh5f4
25.Nd4e2 Qe7g5
26.Ne2g3 Qg5h4
27.Rf1a1 Qh4h3
28.Qd2xf4 exf4
29.Ng3e2 e5
30.b5 Ra8f8
31.b6 cxb6
32.axb6 a6
33.Ne2c3 Rf8f6
{ resign }
0-1